| 000 | 00639nam a22001577a 4500 | ||
|---|---|---|---|
| 003 | OSt | ||
| 005 | 20151006105657.0 | ||
| 008 | 151006b xxu||||| |||| 00| 0 eng d | ||
| 040 | _cRUA | ||
| 082 | _aAVM KAN 1996 B070 Or.1 | ||
| 100 |
_92134 _aKAN, KUNN THEA. |
||
| 245 | _aEconomic animals of pig raising in the farm in phnom penh, កាិវិភាគសេដ្ឋកិច្ចលើការចិញ្ចឹមជ្រូកសាច់នៅកសិដ្ឋានមួយក្នុងរាជថានីភ្នំពេញ. | ||
| 260 |
_aphnomm phen _bRUA _c1996 |
||
| 300 |
_a38p. _bill. _c29cm. |
||
| 942 |
_2ddc _cAVM |
||
| 999 |
_c2006 _d2006 |
||